The HUMANITIES and leadership in Nigeria

Saved in:
Bibliographic Details
Format: Book
Language:English
Published: Faculty of Arts, Obafemi Awolowo University, 2014.
Tags: Add Tag
No Tags, Be the first to tag this record!

MARC

LEADER 00000nam a22000007a 4500
008 210702b ||||| |||| 00| 0 eng d
020 |a 978-978-944-942-2 
245 |a The HUMANITIES and leadership in Nigeria  |c editors, L. O. Salami [et al.].  |g xii, 451p. 
250 |c editors, L. O. Salami [et al.]. 
260 |b Faculty of Arts, Obafemi Awolowo University,   |c 2014.   |h Ile- Ife:   |i 689001  |l HD57.7 .N6H88  |m Leadership – Nigeria.   |m Educational leadership – Nigeria.  |m Political leadership – Nigeria. 
500 |a “It includes references”. 
942 |a lcc  |c BK  |e adeniran, F. A.  |f 02/07/2021 
952 |0 0  |1 0  |2 lcc  |4 0  |6 HD00577 N6 H88  |7 0  |9 2704  |a HOL  |b HOL  |c GJ  |d 2021-07-02  |l 0  |o HD57.7 .N6H88  |p 2021-6548  |r 2021-07-02 00:00:00  |w 2021-07-02  |y BK 
999 |c 1405  |d 1405